• 首页
  • 本馆介绍
  • 公告通知
  • 最新文献
  • 馆藏检索
  • 电子资源
  • 读者导购
  • 参考咨询
  • 我的图书馆
  • 登录
  • 详细信息显示
  • 放入我的书架
  • 预约/预借图书
  • 作者相关作品
  • 分类相关作品
  • 丛书相关作品
  • 出版社相关作品

书目信息

  • 表格格式
  • 工作单格式
  • 卡片格式
题名:
三一八惨案资料汇编
    
 
作者: 江长仁 编
分册:  
出版信息: 北京   北京出版社  1985.05
页数: 588页
开本: 19cm
丛书名:
单 册:
中图分类: K262.06
科图分类:
主题词: 中国--历史
电子资源:
ISBN:
000 00569nam0 2200205 45
001 0405181700
005 20040518172331.6
010    @dCNY11071.00
091    @a11071.226
100    @a20040518d1985 km y0chiy0120 ea
101 0  @achi
105    @a z 000yy
200 1  @a三一八惨案资料汇编@ASan Yi Ba Can An Zi Liao Hui Bian@f江长仁编@FJiang Chang Ren Bian
210    @a北京@c北京出版社@d1985.05
215    @a588页@d19cm
606 0  @a中国@x历史
690    @aK262.06@v3
701  0 @a江长仁@4编
801    @aCN@bPftUser@c20040518
905    @f2@b146018-019@dK262.06@e18
    
    三一八惨案资料汇编/江长仁编.-北京:北京出版社,1985.05
    588页;19cm
    
    
    ISBN :CNY11071.00
    
●
相关链接 在E读中查询图书 在五车中查询图书 在当当中查询图书 在豆瓣中查询图书


正题名:三一八惨案资料汇编     索取号:K262.06/18         预约/预借

序号 登录号 条形码 馆藏地/架位号 状态 备注
1 0146018   000356368   第二借阅区/ [索取号:K262.06/18] 在馆    
2 0146019   000356340   第二借阅区/ [索取号:K262.06/18] 在馆    
3 0146020   000356359   第二样本阅览室/ [索取号:K262.06/18] 在馆    
唐山师范学院图书馆 欢迎您!
大连网信软件有限公司© 版权所有